Corporate strategy and functional management /

Bibliographic Details
Main Author: Godiwalla, Yezdi H. (Yezdi Hoshang)
Other Authors: Meinhart, Wayne A., Warde, William D.
Format: Book
Language:English
Published: New York : Praeger, 1979.
Series:Praeger special studies
Subjects:

MARC

Tag First Indicator Second Indicator Subfields
LEADER 00000cam a2200000 i 4500
001 in00000059946
005 20151008051031.0
008 791115s1979 nyua b 00010 eng
010 |a  79065182  
035 |a (OCoLC)05638324 
035 |9 AAG5182AM 
040 |a DLC  |c DLC  |d TXA  |d UtOrBLW 
049 |a TXAM  |c [1159600] 
050 0 0 |a HD31  |b .G567 1979 
082 0 |a 658.4 
100 1 |a Godiwalla, Yezdi H.  |q (Yezdi Hoshang) 
245 1 0 |a Corporate strategy and functional management /  |c Yezdi Minoo Godiwalla, Wayne A. Meinhart, William D. Warde. 
264 1 |a New York :  |b Praeger,  |c 1979. 
300 |a xiii, 143 pages ;  |c 24 cm. 
336 |a text  |b txt  |2 rdacontent 
337 |a unmediated  |b n  |2 rdamedia 
338 |a volume  |b nc  |2 rdacarrier 
490 0 |a Praeger special studies 
500 |a A revision of Godiwalla's thesis, Oklahoma State University. 
504 |a Bibliography: pages 132-143. 
650 0 |a Industrial management. 
700 1 |a Meinhart, Wayne A. 
700 1 |a Warde, William D. 
999 |a MARS 
999 f f |s 6f53e194-663c-37ce-bc53-b003db5b18bf  |i 0e0f0833-ea97-3bb4-bc24-b78e1c6d2e10  |t 0 
952 f f |p ric  |a Texas A&M University  |b Rellis Campus  |c Joint Library Facility  |d Remote Storage  |t 0  |e HD31 .G567 1979  |h Library of Congress classification  |i unmediated -- volume  |m A14802616498 
998 f f |a HD31 .G567 1979  |t 0  |l Remote Storage